000 00598nam a22002057a 4500
999 _c4786
_d4786
003 AR-CdUCM
008 190311b ||||| |||| 00| 0 spa d
020 _a950-786-533-0
040 _aMUNICIPALIDAD PROVINCIAL DEL CUSCO
_cBIBLIOTECA MUNICIPAL DEL CUSCO
082 _a850.991 /
_bB52
100 _aBianco, Gabriella
_9263
245 _aLa Amante de Mozart /
260 _aBuenos Aires :
_bBiblos ;
_c2006.
300 _a157 páginas ;
_c22cm
505 _aContenido: Novela
650 _aLiteratura italiana
_9615
650 _aNovela italiana
_910534
942 _2ddc
_cLIBROS
945 _anom